| 000 | 01092nam a22003137a 4500 | ||
|---|---|---|---|
| 003 | CHAP | ||
| 005 | 20220329140322.0 | ||
| 008 | 971013s1966 r 00010 d | ||
| 010 | _a50325 | ||
| 011 | _a51297 | ||
| 035 | _a55447 | ||
| 040 | _cCHAP | ||
| 090 | _aFolleto 8195 | ||
| 100 | 0 | 0 |
_aPirea, Antonio. _988501 |
| 245 | _aFormación del veterinario en cuanto a su responsabilidad en el desarrollo económico del sub-sector pecuario | ||
| 260 |
_aCaracas : _b(s.e.), _c(1966) |
||
| 300 | _a12 h. | ||
| 490 |
_aSimposio No.3 _v; tema 4 |
||
| 500 | _aPonencia presentada en: Congreso Panamericano de Medicina Veterinaria y Zootecnia (5 : 1966 : Caracas) | ||
| 590 |
_aBATCH-UPD _b10 _c20130110 _lUCH01 _h0329 |
||
| 590 |
_aBATCH-UPD _b10 _c20130110 _lUCH01 _h1741 |
||
| 590 |
_aCONVERSION _b10 _c20130109 _lUCH01 _h1327 |
||
| 650 | 1 | 4 |
_aVeterinarios. _9119013 |
| 711 | 0 |
_aCongreso Panamericano de Veterinaria (5 : 1966 : Caracas) _927145 |
|
| 830 | 0 |
_aSimposio No.3 _v; tema 4 _9106381 |
|
| 901 | _aBK | ||
| 942 | _cFOLL | ||
| 949 |
_aFolleto 8195 _bBC _cFOLL _d-121635 _eTS1 _i55447 _mD _si |
||
| 999 |
_c50325 _d50325 |
||